000 00335 a2200157 4500
001 194203
020 _a85-262-4402-7
040 _cMagnum
100 _aTulchinski, LĂșcia
240 1 0 _aViagens de Gulliver
_lpor
245 1 0 _aViagens de Gulliver
300 _a48
362 0 _a2006
697 _aLITERATURA INFANTO
942 _cBK
999 _c194203
_d194203